• 首页
  • 本馆介绍
  • 公告通知
  • 最新文献
  • 馆藏检索
  • 电子资源
  • 读者荐购
  • 参考咨询
  • CALIS
  • 我的图书馆
  • 登录
  • 详细信息显示
  • 放入我的书架
  • 预约/预借图书
  • 作者相关作品
  • 分类相关作品
  • 丛书相关作品
  • 出版社相关作品

书目信息

  • 表格格式
  • 工作单格式
  • 卡片格式
题名:
一级注册消防工程师考点习题一本通
    
 
作者: 白杨 , 朴大 , 刘标 主编
分册:   消防安全案例分析
出版信息: 北京   清华大学出版社  2021.01
页数: 189页
开本: 29cm
丛书名:
单 册:
中图分类: TU998.1-44
科图分类:
主题词: 消防--xiao fang--安全技术--资格考试--习题集 , 消防--xiao fang--安全技术--案例--资格考试--习题集
电子资源:
ISBN: 978-7-302-55853-8
 
 
 
 
 
000 01173nam 2200301 450
001 012000045319
005 20211025120158.0
010    @a978-7-302-55853-8@dCNY44.00
100    @a20210222d2021 em y0chiy50 ea
101 0  @achi
102    @aCN@b110000
105    @ay a 000yy
106    @ar
200 1  @a一级注册消防工程师考点习题一本通@Ayi ji zhu ce xiao fang gong cheng shi kao dian xi ti yi ben ting@i消防安全案例分析@f白杨, 朴大, 刘标主编
210    @a北京@c清华大学出版社@d2021.01
215    @a189页@d29cm
320    @a有书目
330    @a本书以历年消防安全案例分析真题为参考, 以真题风格全面呈现考试可能涉及的知识点。习题按照难度分为一般, 适中, 较难三个层次, 一共60道案例习题, 涵盖多种建筑分类和消防设施系统。
333    @a一级注册消防工程师资格考试辅导用书
517 1  @a消防安全案例分析@Axiao fang an quan an li fen xi
606 0  @a消防@Axiao fang@x安全技术@x资格考试@j习题集
606 0  @a消防@Axiao fang@x安全技术@x案例@x资格考试@j习题集
690    @aTU998.1-44@v5
701  0 @a白杨@Abai yang@4主编
701  0 @a朴大@Apu da@4主编
701  0 @a刘标@Aliu biao@4主编
801  0 @aCN@c20210909
905    @a河南城建学院图书馆@dTU998.1-44@eB152
    
    一级注册消防工程师考点习题一本通.消防安全案例分析/白杨, 朴大, 刘标主编.-北京:清华大学出版社,2021.01
    189页;29cm
    使用对象:一级注册消防工程师资格考试辅导用书
    
    ISBN 978-7-302-55853-8:CNY44.00
    本书以历年消防安全案例分析真题为参考, 以真题风格全面呈现考试可能涉及的知识点。习题按照难度分为一般, 适中, 较难三个层次, 一共60道案例习题, 涵盖多种建筑分类和消防设施系统。
●
相关链接 在E读中查询图书 在当当中查询图书 在豆瓣中查询图书


正题名:一级注册消防工程师考点习题一本通     索取号:TU998.1-44/B152         预约/预借

序号 登录号 条形码 馆藏地/架位号 状态 备注
1 1545179   215451794   建筑库201/201建筑库 141排1列5层/ [索取号:TU998.1-44/B152] 在馆    
河南城建学院图书馆 欢迎您!
大连网信软件有限公司© 版权所有